000 00845nam a22002417a 4500
005 20180405172259.0
010 _aENG-117247 B-690734-735
020 _a9788178441511
_c995.00
035 _aEN-100779
035 _aB-690734-735
037 _bDBAD/PUB
037 _bKKP
082 _a921
100 _aRavi Ranjan
245 _aJai Prakash Narayan /
_cby Ravi Ranjan [and] M.K. Singh
260 _aNew Delhi
_bK.K. Publication
_c2017
270 _a4806/24,Bharat Ram Road,Daryaganj
_bNew Delhi
_e110002
300 _aviii,350p.
_c22cm(Hb)
500 _aBalidani
500 _aIncludes bibliographical references
942 _2ddc
_cEN
_h921
_mJAI
999 _c137590
_d137590